| 000 | 00451nam a2200193Ia 4500 | ||
|---|---|---|---|
| 003 | 0100 | ||
| 008 | 130303s9999 xx 000 0 und d | ||
| 040 | _cARRUPELIB | ||
| 050 | _aBD541.W285 | ||
| 100 | _aWallace, William A | ||
| 245 | _aCausuality and scientific explanation | ||
| 260 | _aAnn Arbor | ||
| 260 | _bUniversity of Michigan Press | ||
| 260 | _C1972 | ||
| 300 | _a422p. | ||
| 300 | _b 21cm | ||
| 650 | _aPHILOSOPHY | ||
| 942 | 0 | 0 | _01 |
| 999 |
_c31587 _d31587 |
||